| 000 | 00559nam a2200193Ia 4500 | ||
|---|---|---|---|
| 003 | STCL | ||
| 008 | 230729s9999 xx 000 0 und d | ||
| 020 |
_a9788187359326 _qHB |
||
| 040 |
_aSTCL _cSTCL _bEN |
||
| 082 | _222 | ||
| 100 | _aHooja, Raksh; Parnami, K K | ||
| 245 | 0 | _aDevelopment administration and rural development | |
| 260 |
_bAalekh Publishers _aJaipur _c2007 |
||
| 300 | _a254 p | ||
| 365 | _b595 | ||
| 440 | _aChanging contours of administration since independence golden jubilee volume series | ||
| 546 | _aEnglish | ||
| 942 |
_2DDC _e22 _cBK |
||
| 999 |
_c90438 _d90438 |
||